000 00558nam a22002177a 4500
003 OSt
005 20140311162959.0
008 130131t xxu||||| |||| 00| 0 eng d
020 _a9789715849258
050 _aBC71
_b.P179 2010
082 _aFIL 150
_bP179 2010
245 _aLogic makes sense
_cPalmiano, Dariel A.
260 _aQuezon City:
_bC & E Publishing,
_c2010
300 _ax, 234 p.:
_bill.;
_c25 cm.
521 _aCollege
526 _c1210L-1700L
541 _j1
541 _j2
562 _e2
942 _2lcc
_cBK
_kFIL
999 _c39133
_d39133